000 00482nam a22001577a 4500
020 _a9789697705030
082 _a297.5
_bISL
100 _aShazia Ramzan, Hafiz Ahmad Tabassum, Hafiz Masood Qasim, Ghulam Haider
245 _aIslamic Nizam-e Zindagi
260 _aFaislabad:
_bUniversity of Agriculture,
_c2022
300 _a262p
563 _aH.B
650 _aReligious life
_aIslam
_981271
880 _6245-02(3\r
_aاسلامی نظام زندگی
942 _2ddc
_cBK
999 _c595089
_d595089